000
00307nam a22000977a 4500
008
150721b xxu||||| |||| 00| 0 eng d
010
_8
HCCRSARF:033
245
_a
HIGH COURT CRIMINAL SESSION NO.81 OF 1975 Uganda Vs Alozio Kaheru
260
_a
High Court Kampala
500
_3
BEFORE: Hon. Mr. Justice F.K. Butagira
999
_c
7986
_d
7986